Normal view
MARC view
- TaNdon. R. K
Entry Personal Name
001 - CONTROL NUMBER
- control field: 3601
003 - CONTROL NUMBER IDENTIFIER
- control field: OSt
005 - DATE AND TIME OF LATEST TRANSACTION
- control field: 20170621103522.0
008 - FIXED-LENGTH DATA ELEMENTS
- fixed length control field: 170621|| aca||aabn | a|a d
040 ## - CATALOGING SOURCE
- Original cataloging agency: OSt
100 ## - HEADING--PERSONAL NAME
- Personal name: TaNdon. R. K